| 000 | 00681nam a22002177a 4500 | ||
|---|---|---|---|
| 999 |
_c20926 _d20926 |
||
| 003 | AR-CdUCM | ||
| 008 | 190402b ||||| |||| 00| 0 spa d | ||
| 040 |
_aMUNICIPALIDAD PROVINCIAL DEL CUSCO _cBIBLIOTECA MUNICIPAL DEL CUSCO |
||
| 082 |
_aEP / 372.64 / _bCH21 |
||
| 110 |
_aEditorial Gahe _943662 |
||
| 245 | _aChapete invisible / | ||
| 260 |
_c1961. _aMadrid : _bGahe, |
||
| 300 |
_bIlustraciones, _c30 cm. |
||
| 440 |
_aColeccion Pinocho Chapete _nCuentos en colores Gahe _943663 |
||
| 500 | _aTexto sin numeración de pÔginas. | ||
| 505 | _aContenido : Cuento. | ||
| 650 |
_a Literatura infantil _9588 |
||
| 650 |
_aCuentos. _9217 |
||
| 942 |
_2ddc _cLIBROS |
||
| 945 | _arcc | ||